000 00567nam a22001817a 4500
005 20240918133047.0
008 240918b |||||||| |||| 00| 0 eng d
020 _a9781776174263
041 _aEnglish
082 _a346.1 SHI
100 _lEnglish
245 _aMarriage and the Dissolution of Marriage in Namibia /
_cE Shifotoka and J van der Byl-Hinda
250 _aFirst Edition
260 _aDurban:
_bLexisNexis (Pty) Ltd,
_c2023
300 _bxii, 147 pages;
_c25 cm.
650 _aLegal practice
_bLaw
942 _cBK
_6ALISON_BN_VRIES
999 _c3045
_d3045